000 00829nam a2200241 4500
005 20240307152804.0
010 _aENG-127520 ENG-137278
020 _c200.00
_a9788187649557
035 _aEN-111052 EN-120810
037 _bDBAD/PUB
082 _aS
100 _aScintillates,Suraa
_962947
245 _aThat 'S it But /
_cTranslated by Gomathi Narayanan, S Krishnan ,Lakshmi Holmstrom and A R Venkatachalapathy : edited by Lakshmi Holmstrom
260 _aNew Delhi
_bKatha
_c2003
270 _aA-3 Sarvodaya Enclave Sri Aurobindo Marg
_bNew Delhi
_e110017
300 _a251p.
_c21cm(hb)
700 _aNarayanan, Gomathi
_962948
700 _aS Krishnan
_962949
700 _aHolmstrom ,Lakshmi
_962950
700 _aA.R Venkatachalapathy
_962951
700 _aHolmstrom ,Lakshmi
_962950
942 _2ddc
_cEN
_hS
_mSUR
999 _c171891
_d171891